| 000 | 01356cam a2200301 4500 | ||
|---|---|---|---|
| 001 | ABS64188 | ||
| 008 | 000000n2001 000 0 eng u | ||
| 035 | _a(Sirsi) u113126 | ||
| 100 | _aSlessenger, E. | ||
| 245 | _aApologies for any e-conveyance | ||
| 260 | _c2001 | ||
| 490 |
_aProperty Week _v66(22) 1 June 2001, 74-75(2) |
||
| 520 | _aDiscusses the property industry's response to the government white paper on electronic conveyancing. Under the proposals the Law of Property (Miscellaneous Provisions) Act 1989 will be amended to allow electronic contracts to be deemed to be a document in writing providing certain conditions are met. The Land Registration Act 1925 will also be amended to permit the disposition of registered land electronically, although only those that have prescribed electronic form will be allowed. Notes that electronic signatures are the key to the process. | ||
| 590 | _aABS | ||
| 650 |
_aContracts _96232 |
||
| 650 | _aDEEDS | ||
| 650 | _aE-CONTRACTS | ||
| 650 | _aECONVEYANCING | ||
| 650 | _aE-DEEDS | ||
| 650 | _aELECTRONIC COMMUNICATIONS ACT 2000 S8 | ||
| 650 | _aE-SIGNATURES | ||
| 650 | _aLAND REGISTRATION ACT 1925 | ||
| 650 | _aLAW OF PROPERTY (MISCELLANEOUS PROVISIONS) ACT 1989 | ||
| 690 | _aPROPERTY AND LAND LAW-CONVEYANCING | ||
| 700 | _aFenn, K. | ||
| 700 | _aDubar, R. | ||
| 942 | _n0 | ||
| 999 |
_c67349 _d67349 |
||